Outline of plant classification
Zapisane w:
| 1. autor: | |
|---|---|
| Format: | Książka |
| Język: | Undetermined |
| Wydane: |
London
Longman
1983
|
| Hasła przedmiotowe: | |
| Etykiety: |
Dodaj etykietę
Nie ma etykietki, Dołącz pierwszą etykiete!
|
| Thư viện lưu trữ: | Trung tâm Học liệu Trường Đại học Cần Thơ |
|---|
| LEADER | 00444nam a2200169Ia 4500 | ||
|---|---|---|---|
| 001 | CTU_8656 | ||
| 008 | 210402s9999 xx 000 0 und d | ||
| 082 | |a 581.012 | ||
| 082 | |b H749 | ||
| 100 | |a Sandra Holmes | ||
| 245 | 0 | |a Outline of plant classification | |
| 245 | 0 | |c Sandra Holmes | |
| 260 | |a London | ||
| 260 | |b Longman | ||
| 260 | |c 1983 | ||
| 650 | |a plants - classification | ||
| 980 | |a Trung tâm Học liệu Trường Đại học Cần Thơ | ||